000 00593nam a22001577a 4500
003 NUST
082 _a621
100 _a KHAN ,TAHIR MEHMOOD
_9122190
245 _aStudy of granular drag force for in-line and side-by-side arrangements of intruders using Discrete Element Method /
_cTAHIR MEHMOOD KHAN
264 _aIslamabad:
_bSMME- NUST.
_c2020.
300 _a54p. ;
_bSoft Copy,
_c30cm.
650 _aMS Mechanical Engineering
_9119495
700 _aSupervisor DR. SYED ALI ABBAS ZAIDI
_9122191
856 _uhttp://10.250.8.41:8080/xmlui/handle/123456789/13148
942 _2ddc
_cTHE
999 _c608736
_d608736